01330nam a2200253 a 450000100100000000500170001000800410002704000250006808200160009311100840010924501600019324600600035326000780041330000270049159000780051850000590059670000510065570000330070670000380073970000480077770000420082595201920086799900170105900004637420201002052826.0150806s1999 dr a 000 0 spa d aDO-SdBNPbspacBNPHU axxxxbF418i2 aFestival internacional de Cinen(1er.:d1999 jul. 8-18 :cSanto Domingo)97440410a1er. Festival internacional de cine de Santo Domingo. /ctextos Arturo Rodríguez Fernández, Lidia Bastos ; traducción Sócrates Mc Kinney...[et.al].10aPrimer Festival internacional de cine de Santo Domingo. aSanto Domingo; :bFestival Internacional de Cine de Santo Domingo,c1999. a77 p. :bil. ;c22 cm. aPerteneció a la biblioteca personal de Chiqui Vicioso/Fidelio Despradel aA presentarse en el Palacio del Cine y Cine Lumiére.12aRodríguez Fernández, Arturoetextos93787812aBastos, Lidiaetextos97428012aMc Kinney, Sócrateseil.97440512aRodríguez Fernández, Arturoeil.93787812aElías, Carlos Franciscoeil.957656 0010718PDaPDbPDcHDd2015-08-06iLF1l0oxxxx F418ip46374-10r2020-06-25w2020-06-25yLFPDzPerteneció a la biblioteca personal de Chiqui Vicioso / Fidelio Despradel.ZNo se presta c45863d45863